| 000 | 01915cam a22004574i 4500 | ||
|---|---|---|---|
| 003 | PE-LiUPU | ||
| 005 | 20250731172917.0 | ||
| 008 | 150617s r 000 0 d | ||
| 035 | _a(Sirsi) a18935 | ||
| 040 |
_aPE-LiUPU _bspa _cPE-LiUPU _erda |
||
| 049 | _aPRUA | ||
| 082 | 0 | 4 |
_a262.8 _bL46 _221 |
| 100 | 1 |
_aLeoni, Francesco, _eautor. |
|
| 245 | 1 | 0 |
_aSubversión en la iglesia / _cFrancesco Leoni. |
| 264 | 1 |
_aBuenos Aires : _bOrganización San José, _c1970. |
|
| 300 |
_a123 páginas ; _c20 cm |
||
| 336 |
_atext _2rdacontent |
||
| 337 |
_aunmediated _2rdamedia |
||
| 338 |
_avolume _2rdacarrier |
||
| 505 | 0 | _aUn libro sobre Teilhard de Chardin -- Cristianismo sin Cristo -- Los fanáticos de la píldora -- Congreso de sexólogos católicos -- El sacerdote metido en el mundo -- Comunismo: eterno adversario -- El tormento del mundo católico -- Una batalla para los católicos -- Católicos y socialistas -- La misión del laicado católico -- Protestantes y católicos -- Se organiza la reacción contra el modernismo -- Los progresistas españoles son escasos y carecen de auditorio -- El abbé Laurentin contra Fátima. | |
| 526 | _aSEG42 | ||
| 526 | _aSEG41 | ||
| 526 | _aSEG40 | ||
| 526 | _aSEG39 | ||
| 526 | _aP94 | ||
| 526 | _aP87 | ||
| 526 | _aP86 | ||
| 526 | _aP85 | ||
| 526 | _aP77 | ||
| 526 | _aP76 | ||
| 526 | _aP35 | ||
| 650 | 0 | 4 |
_aIglesia Católica _ySiglo XX. |
| 650 | 0 | 4 |
_aCristianismo y cultura. _91358 |
| 910 |
_ajck _bjvq _cjck _d20150616 |
||
| 942 |
_2ddc _cBOOK |
||
| 949 |
_a262.8 L46 _wDEWEY _c1 _i12514 _lCCODEBUL1 _mBUL _p00.00 _r0 _sY _tBOOK _u19930216 _xTEOLOGIA _PP35 _0COMPRA _o.STAFF. Colección General |
||
| 994 |
_aC0 _bPEPRU |
||
| 596 | _a1 | ||
| 999 |
_a262.8 L46 _wDEWEY _c18682 _i12514 _f2021-11-12 _g5 _lCCODEBUL1 _mBUL _r0 _sY _tBOOK _u2015-6-17 _xTEOLOGIA _PP35 _0COMPRA _o.STAFF. Colección General _d18682 |
||
| 980 |
_81 _gALBERTO SANCHEZ Responsable de Automatización |
||